NLSUI OPAC header image

Justice and the environment : Conceptions of environmental sustanability and dimensions of social justice (Record no. 14638)

MARC details
000 -LEADER
fixed length control field 00499nam a2200157Ia 4500
008 - FIXED-LENGTH DATA ELEMENTS--GENERAL INFORMATION
fixed length control field 160316s1998 xxu||||| |||| 00| 0 eng d
082 ## - DEWEY DECIMAL CLASSIFICATION NUMBER
Classification number 344.046000
Item number DOB-2
100 ## - MAIN ENTRY--PERSONAL NAME
Personal name Dobson Andrew
245 ## - TITLE STATEMENT
Title Justice and the environment : Conceptions of environmental sustanability and dimensions of social justice
250 ## - EDITION STATEMENT
Edition statement
260 ## - PUBLICATION, DISTRIBUTION, ETC.
Place of publication, distribution, etc. Oxford
Name of publisher, distributor, etc. Oxford University Press
Date of publication, distribution, etc. 1998
300 ## - PHYSICAL DESCRIPTION
Extent 280p
Other physical details
Dimensions
365 ## - TRADE PRICE
Price amount Rs.725
650 ## - SUBJECT ADDED ENTRY--TOPICAL TERM
Topical term or geographic name entry element 1. Environmental Justice<br/>2. Environmental Policy
700 ## - ADDED ENTRY--PERSONAL NAME
Personal name
--
Holdings
Withdrawn status Lost status Damaged status Not for loan Home library Current library Shelving location Date acquired Cost, normal purchase price Total Checkouts Total Renewals Full call number Barcode Date last seen Date last checked out Price effective from Koha item type
        . .   30.05.2017 725.00 4 2 344.046 DOB-2 14815 14.05.2025 10.05.2025 30.05.2017 BOOKs